ՀՀ Գիտությունների ազգային ակադեմիայի հիմնարար գիտական գրադարան  =   Fundamental Scientific Library of NAS RA

Հարկեր և հարկագանձում / (Record no. 267457)

MARC details
000 -LEADER
fixed length control field 01136nam a2200241 a 4500
001 - CONTROL NUMBER
control field 000723845
003 - CONTROL NUMBER IDENTIFIER
control field AM-YeHGA
005 - DATE AND TIME OF LATEST TRANSACTION
control field 20260409154857.0
008 - FIXED-LENGTH DATA ELEMENTS--GENERAL INFORMATION
fixed length control field 100325s2010 ai | |||||||||||||arm|d
020 ## - INTERNATIONAL STANDARD BOOK NUMBER
International Standard Book Number 978-5-8080-0811-3
040 ## - CATALOGING SOURCE
Original cataloging agency AM-YeHGA
041 0# - LANGUAGE CODE
Language code of text/sound track or separate title arm
100 1# - MAIN ENTRY--PERSONAL NAME
Personal name Հարությունյան, Վլադիմիր Լիպարիտի,
Dates associated with a name 1957-2022
9 (RLIN) 3632
245 10 - TITLE STATEMENT
Title Հարկեր և հարկագանձում /
Statement of responsibility, etc. Վ.Լ. Հարությունյան, Դ.Վ. Հարությունյան, Տ.Վ. Հարությունյան ; Խմբ.՝ Յու. Սուվարյան.
260 ## - PUBLICATION, DISTRIBUTION, ETC.
Place of publication, distribution, etc. Երևան :
Name of publisher, distributor, etc. Գիտություն,
Date of publication, distribution, etc. 2010.
300 ## - PHYSICAL DESCRIPTION
Extent 599 էջ :
Other physical details աղյս. ;
Dimensions 21 սմ.
504 ## - BIBLIOGRAPHY, ETC. NOTE
Bibliography, etc. note Մատենագիտ. և տողատ. ծանոթ. էջ՝ 522-545 հայ., ռուս. և անգլ.; Հավելված էջ՝ 546-599
650 14 - SUBJECT ADDED ENTRY--TOPICAL TERM
Topical term or geographic name entry element Հարկեր
9 (RLIN) 5245
700 1# - ADDED ENTRY--PERSONAL NAME
Personal name Հարությունյան, Տիգրան Վլադիմիրի,
Dates associated with a name 1983-
700 1# - ADDED ENTRY--PERSONAL NAME
Personal name Հարությունյան, Դավիթ Վլադիմիրի,
Dates associated with a name 1985-
9 (RLIN) 4112
700 1# - ADDED ENTRY--PERSONAL NAME
Personal name Սուվարյան, Յուրի Միքայելի,
Dates associated with a name 1943-
Relator term խմբ.
Relationship edt
9 (RLIN) 2617
942 ## - ADDED ENTRY ELEMENTS (KOHA)
Source of classification or shelving scheme Universal Decimal Classification
Koha item type Գրքեր / Books
Holdings
Withdrawn status Lost status Source of classification or shelving scheme Damaged status Not for loan Collection Home library Current library Date acquired Cost, normal purchase price Total checkouts Full call number Barcode Date last seen Copy number Price effective from Koha item type Public note Shelving control number
    Universal Decimal Classification     Reading Hall Fundamental Scientific Library Fundamental Scientific Library 29/12/2016 4000.00   AII/95250 FL0149121 29/12/2016 RH1-14/4/11 29/12/2016 Գրքեր / Books ILL Non-Circ.  
          General Fundamental Scientific Library Fundamental Scientific Library 29/12/2016 4000.00   AII/95251 FL0149122 29/12/2016   29/12/2016 Գրքեր / Books 30 Days Loan  
          General Fundamental Scientific Library Fundamental Scientific Library 29/12/2016 4000.00   AII/95252 FL0149123 29/12/2016   29/12/2016 Գրքեր / Books 30 Days Loan  
          General Fundamental Scientific Library Fundamental Scientific Library 29/12/2016 4000.00   AII/99364 FL0284548 29/12/2016   29/12/2016 Գրքեր / Books 30 Days Loan  
    Universal Decimal Classification     General Fundamental Scientific Library Fundamental Scientific Library 05/02/2026     AII/114245 FL0702731 05/02/2026   05/02/2026 Գրքեր / Books Սպասարկվում է 30 օրով  


ՀՀ ԳԱԱ հիմնարար գիտական գրադարան
ՀՀ,Երևան 0019
Մարշալ Բաղրամյան 24/6
հեռախոս:(374-10) 52-47-50
Հետադարձ կապ

All site content, except where otherwise noted, is licensed under a
Creative Commons License